Statistics for True...or False?

Click here to take the quiz!

General Stats

  • This quiz has been taken 45 times
  • The average score is 3 of 7

Answer Stats

QuestionAnswer% Correct
Means incorrectFalse
97%
Rhymes with a primary colorTrue
84%
Is the name of a musical albumBoth
41%
Is a Unix commandBoth
41%
Is a West Virginian TownTrue
30%
Is the name of a famous South African bayFalse
27%
Has a comic strip that starts with itFalse
11%

Score Distribution

Percentile by Number Answered

Percent of People with Each Score

Your Score History

You have not taken this quiz